00695nam a2200217 a 450000100080000000500110000800800410001910000180006024500830007826000390016130000140020052000990021465000260031365000170033965300090035665300240036565300240038965300260041365300190043970000190045814999872026-03-23 2002 bl uuuu u0uu1 u #d1 aFRANKE, I. L. aSistemas silvipastorisbpecuária sustentável no Acre.h[electronic resource] aRio Branco, AC: Embrapa Acrec2002 c1 folder. aEsta publicação traz orientações técnicas para a implantação de sistemas silvipastoris. aSilvopastoral systems aSilvicultura aAcre aAmazonia Occidental aAmazônia Ocidental aSistema silvipastoris aWestern Amazon1 aFURTADO, S. C.